Krishi thatvangal (Record no. 20253)

MARC details
000 -LEADER
fixed length control field 00278nam a2200121Ia 4500
082 ## - DEWEY DECIMAL CLASSIFICATION NUMBER
Classification number 631
Item number PIL
100 ## - MAIN ENTRY--AUTHOR NAME
Personal name Pillai, S A
245 #0 - TITLE STATEMENT
Title Krishi thatvangal
260 ## - PUBLICATION, DISTRIBUTION, ETC. (IMPRINT)
Place of publication Kottayam
Name of publisher NBS
Year of publication 1951
650 ## - SUBJECT ADDED ENTRY--TOPICAL TERM
Topical Term Agriculture
942 ## - ADDED ENTRY ELEMENTS (KOHA)
Koha item type Books
Holdings
Withdrawn status Lost status Damaged status Not for loan Home library Current library Shelving location Date acquired Full call number Accession Number Koha item type
        RRII Library RRII Library Malayalam 16/12/2021 631 PIL 00982 Books